Statistics for THE BOYZ Discography

Click here to take the quiz!

General Stats

  • This quiz has been taken 102 times
    (21 since last reset)
  • The average score is 50 of 116

Answer Stats

Answer% Correct
Bloom Bloom
100%
MAVERICK
100%
REVEAL
100%
ROAR
100%
THRILL RIDE
100%
D.D.D
93%
Boy
87%
B.O.Y (Bet On You)
87%
Breaking Dawn
87%
Honey
87%
LIP GLOSS
87%
SHE'S THE BOSS
87%
WATCH IT
87%
Giddy Up
80%
No Air
80%
Salty
80%
TATTOO
80%
The Stealer
80%
WHISPER
80%
Passion Fruit
73%
Awake
67%
Fantasize
67%
Rat In The Trap
67%
CHECKMATE (Stage Ver.)
60%
Diamond Life
60%
Lighthouse
60%
Nightmares
60%
Right Here
60%
Savior
60%
Scar
60%
CRYING&LAUGHTER
53%
Drink It
53%
Fire Eyes
53%
Here is
53%
Bad Luck
47%
Blah Blah
47%
C.O.D.E
47%
Ego
47%
Escape
47%
Fairy Tale
47%
Get It
47%
Goodbye
47%
Got It
47%
Horizon
47%
Kiss Me If You Can
47%
Merry Bad Ending
47%
Butterfly
40%
Christmassy!
40%
Delicious
40%
EINSTEIN
40%
Intro
40%
L.O.U
40%
Survive The Night
40%
Sweet
40%
Whiplash
40%
White
40%
Bump & Love
33%
Closer
33%
Clover
33%
Dancing Till We Drop
33%
Daydream
33%
Dear.
33%
Echo
33%
HUSH
33%
Hypnotized
33%
KeePer (Prod. PARK KYUNG)
33%
Levitating
33%
Out Of Control
33%
PRISM
33%
Russian Roulette
33%
Shake You Down
33%
Spring Snow
33%
Timeless
33%
Toxic Love
33%
Walkin' In Time
33%
Water
33%
Wings
33%
4EVER
27%
Break your rules
27%
FLAG
27%
Insanity
27%
Melting Heart
27%
One Dance
27%
Shine Shine
27%
Stealer
27%
All About You
20%
ALWAYS TOGETHER
20%
Back 2 U
20%
Back All Black
20%
Don't Cry
20%
Espionage
20%
I'm Your Boy
20%
Last Man Standing
20%
Lucid Dream
20%
Only ONE
20%
Penalty
20%
Priority
20%
Stupid Sorry
20%
Take Me Back
20%
Why Why Why
20%
Breathe to Breathe
13%
Brighter
13%
Bye Bye Bye
13%
Candles
13%
Complete Me
13%
Going High
13%
Just U
13%
Summer Night
13%
SUMMER TIME
13%
Talk About Us
13%
The Start
13%
Will Be
13%
More or Break
7%
Quasi una fantasia
7%
THE POYZ BANANA CHACHA
7%

Score Distribution

Percentile by Number Answered

Percent of People with Each Score

Your Score History

You have not taken this quiz since the last reset